000 00530nam a2200229Ia 4500
003 OSt
005 20220912153041.0
006 a|||||r|||| 00| 0
007 ta
008 220909b |||||||| |||| 00| 0 eng d
024 _a23494
037 _cTextual
040 _aCSL
_beng
_cCSL
041 _aeng
082 _aB29M09, K7
100 _aSeligman G B
245 0 _aModular lie algebras
260 _c1967
300 _ap.
_ccm.
942 _hB29M09, K7
_cTEXL
_2CC
999 _c97281
_d97281